Experimental researches on the food of animals, and the fattening of cattle : With remarks on the food of man /

Niall Kenny description: Not in Dingley or RVC; published in USA in same year but seems scarce. Printer's imprint: "London: Printed by A. Spottiswoode, New-Street-Square." Preface signed: "Glasgow College, 24th August, 1846."

Bibliographic Details
Main Author: Thomson, Robert Dundas, 1810-1864
Format: Book
Language:English
Published: London : Longman, Brown, Green, and Longmans, Paternoster Row, 1846.
Subjects:

MARC

Tag First Indicator Second Indicator Subfields
LEADER 00000cam a2200000I 4500
001 in00004514021
005 20191204153834.0
008 791102s1846 enkad 000 0 eng d
016 7 |a CAT11043495  |2 DNAL 
029 1 |a NZ1  |b 4379137 
035 |a (OCoLC)ocm05638502 
035 |a (OCoLC)5638502 
040 |a IWA  |c IWA  |d AGL  |d OCLCG  |d UtOrBLW  |d TMV 
049 |a TMVM  |c 1 
060 4 |a SF 95  |b T482e 1846 
100 1 |a Thomson, Robert Dundas,  |d 1810-1864. 
245 1 0 |a Experimental researches on the food of animals, and the fattening of cattle :  |b With remarks on the food of man /  |c By Robert Dundas Thomson. 
246 3 8 |a Thomson on the food of animals 
264 1 |a London :  |b Longman, Brown, Green, and Longmans, Paternoster Row,  |c 1846. 
300 |a xii, 195 pages, 1 unnumbered page, 32 pages :  |b frontispiece (color diagram) tables ;  |c 18 cm. 
336 |a text  |2 rdacontent  |b txt 
337 |a unmediated  |2 rdamedia 
338 |a volume  |2 rdacarrier  |b nc 
500 |a Last 32 pages: "A catalogue of new works in general literature published by Longman, Brown, Green, Longmans, and Roberts." 
500 |a Endpapers contain list titled: 'Works in general literature.' 
520 |a Niall Kenny description: Not in Dingley or RVC; published in USA in same year but seems scarce. Printer's imprint: "London: Printed by A. Spottiswoode, New-Street-Square." Preface signed: "Glasgow College, 24th August, 1846." 
561 |3 Copy 1  |a John G.P. Wood (collection sold to TMV, small red label "J.G.P. Wood M.R.C.V.S" on back paste-down).  |5 TMV 
561 |3 Copy 2  |a Niall Kenny (sold to TMV); Farmers' and General Book Society, Northiam (bookplate on front paste-down); Jno. Collins, Sandhurst (signed in pensil on front free endpaper).  |5 TMV 
650 0 |a Feeds. 
650 0 |a Cattle. 
650 2 |a Animal Feed. 
650 2 |a Cattle. 
650 2 |a Animal Nutritional Physiological Phenomena. 
999 f f |s 9e00965c-75f6-375f-8553-00eee97fcf26  |i 9f2a1d77-c9ca-3046-a8ec-6ee4960c85c2  |t 0 
952 f f |p noncirc  |a Texas A&M University  |b College Station  |c Medical Sciences Library  |s MSL SC Wood Collection  |d MSL: Special Collections  |t 0  |e SF 95 T482e 1846  |h National Library of Medicine classification  |i unmediated -- volume  |m 3238902153913 
952 f f |p noncirc  |a Texas A&M University  |b College Station  |c Medical Sciences Library  |s MSL SC Kenny Collection  |d MSL: Special Collections  |t 0  |e SF 95 T482e 1846  |h National Library of Medicine classification  |i unmediated -- volume  |m 3238902365323  |n 2 
998 f f |a SF 95 T482e 1846  |t 0  |l MSL: Special Collections 
998 f f |a SF 95 T482e 1846  |t 0  |l MSL: Special Collections